Southville International School and Colleges
Your cart is empty.
  • Cart
  • Lists
    Public lists Eva Luna New books Lux_list list_1
    Your lists Log in to create your own lists
  • Log in to your account
  • Your cookies
  • Search history
Southville International School and Colleges
  • Advanced search
  • Recent comments
  • Most popular
  • Libraries

Log in to your account

Log in with GOOGLE


If you do not have an external account, but do have a local account, you can still log in:

  1. Home
  2. MARC view: Franchising :
Normal view MARC view ISBD view

Franchising : (Record no. 291524)

[ view plain ]
MARC details
000 -LEADER
fixed length control field 01520cam a2200301 a 4500
001 - CONTROL NUMBER
control field 17859099
003 - CONTROL NUMBER IDENTIFIER
control field PILC
005 - DATE AND TIME OF LATEST TRANSACTION
control field 20160309175001.0
008 - FIXED-LENGTH DATA ELEMENTS--GENERAL INFORMATION
fixed length control field 130821s2013 ilu b 001 0 eng
010 ## - LIBRARY OF CONGRESS CONTROL NUMBER
LC control number 2013034065
020 ## - INTERNATIONAL STANDARD BOOK NUMBER
International Standard Book Number 9781627223386
020 ## - INTERNATIONAL STANDARD BOOK NUMBER
International Standard Book Number 9781627223409 (pbk. ; teacher's manual)
040 ## - CATALOGING SOURCE
Original cataloging agency DLC
Transcribing agency DLC
Modifying agency DLC
042 ## - AUTHENTICATION CODE
Authentication code pcc
043 ## - GEOGRAPHIC AREA CODE
Geographic area code n-us---
050 00 - LIBRARY OF CONGRESS CALL NUMBER
Classification number KF 2023
Item number .F693 2013
082 00 - DEWEY DECIMAL CLASSIFICATION NUMBER
Classification number 346.7304/8
245 00 - TITLE STATEMENT
Title Franchising :
Remainder of title cases, materials, & problems /
Statement of responsibility, etc lead editor Alexander M. Meiklejohn.
260 ## - PUBLICATION, DISTRIBUTION, ETC. (IMPRINT)
Place of publication, distribution, etc Chicago :
Name of publisher, distributor, etc American Bar Association,
Date of publication, distribution, etc 2013
300 ## - PHYSICAL DESCRIPTION
Extent xxxvi, 907 pages ;
Dimensions 27 cm.
500 ## - GENERAL NOTE
General note Includes bibliographical references and index.
505 0# - FORMATTED CONTENTS NOTE
Formatted contents note The history of franchising -- Trademark law -- Copyright law -- Trade secrets in franchising -- Antitrust principles affecting franchise law -- Typical contract terms -- Multi-tier and combination franchising -- The FTC rule -- Disclosure -- State franchise sales laws -- Relationship and termination laws -- Other types of business relationships -- Common law doctrines -- Mergers and acquisitions of franchise systems -- National law issues in Canada and Mexico.
650 #0 - SUBJECT ADDED ENTRY--TOPICAL TERM
Topical term or geographic name as entry element Franchises (Retail trade)
General subdivision Law and legislation
Geographic subdivision United States.
700 1# - ADDED ENTRY--PERSONAL NAME
Personal name Meiklejohn, Alexander M.
906 ## - LOCAL DATA ELEMENT F, LDF (RLIN)
a 7
b cbc
c orignew
d 1
e ecip
f 20
g y-gencatlg
942 ## - ADDED ENTRY ELEMENTS (KOHA)
Source of classification or shelving scheme Library of Congress Classification
Koha item type Books
Holdings
Withdrawn status Lost status Source of classification or shelving scheme Damaged status Home library Current library Shelving location Date acquired Source of acquisition Sub Shelving location Total Checkouts Full call number Barcode Date last seen Price effective from Koha item type
    Library of Congress Classification   College Library College Library Reserve Section 03/09/2016 Library Fund     KF 2023 .F693 2013 C20468 05/15/2018 03/09/2016 Books

Franchising :

APA

Meiklejohn A. M., . (2013). Franchising. Chicago: American Bar Association.

Chicago

Meiklejohn Alexander M, . 2013. Franchising. Chicago: American Bar Association.

Harvard

Meiklejohn A. M., . (2013). Franchising. Chicago: American Bar Association.

MLA

Meiklejohn Alexander M, . Franchising. Chicago: American Bar Association. 2013.

  • Place hold
  • Print
  • Cite
  • Add to your cart (remove)
  • Save record
    BIBTEX Dublin Core MARCXML MARC (non-Unicode/MARC-8) MARC (Unicode/UTF-8) MARC (Unicode/UTF-8, Standard) MODS (XML) RIS
  • More searches
    Search for this title in:
    Other Libraries (WorldCat) Other Databases (Google Scholar) Online Stores (Bookfinder.com) Open Library (openlibrary.org)

Exporting to Dublin Core...

SOUTHVILLE LIBRARY

Southville International School and Colleges Library

1281 Tropical Ave. Cor. Luxembourg St., BF Homes International, Las Pinas City

Tel. No. 8256374 / 252358 Loc. 117/146

Powered by Koha